00000000nam##2200000za#4500
0019.663186
003CaOODSP
00520210615120929
007ta
008150407|2001||||xxc|||||     f|0| 0 fre|d
020 |a0-662-66064-1
040 |aCaOODSP|bfre
041 |aeng
041 |afre
043 |an-cn---
0861 |aH114-4/2001
1101 |aCanada.|bSanté Canada. |bAgence de réglementation de la lutte antiparasitaire.
24510|aLes sanctions administratives pécuniaires (SAP)
260 |aOttawa - Ontario : |bSanté Canada. |c2001.
300 |aTexte français, 16p. ; |c22 cm.
546 |aBilingue
563 |aCouverture souple
590 |a02-02|b2002-01-11
69107|aPesticide|2gcpds
69107|aRéglementation|2gcpds
69107|aSanction économique|2gcpds
7760#|tLes sanctions administratives pécuniaires (SAP) |w(CaOODSP)9.639665
7760#|tAdministrative monetary penalties (AMPs) |w(CaOODSP)9.695533
791 |tAdministrative Monetary Penalties (AMPs) |eeng|w(CaOODSP)9.663185